| 000 | 00622cam a2200229ua 4500 | ||
|---|---|---|---|
| 001 | 9594 | ||
| 005 | 20260515114507.0 | ||
| 008 | 160226n ii |||gr||||Z||||||eng | ||
| 040 | _cMAIN | ||
| 041 | _aeng | ||
| 082 | _a370.54 | ||
| 100 |
_aLal, Raman Behari, _eAuthor. |
||
| 245 | 1 |
_aDevelopment of Indian education and its problems _cby Raman Behari Lal |
|
| 260 |
_aMeerut: _bVvinay Rakheja, _c2008. |
||
| 300 | _a560p. | ||
| 653 | _aEducation | ||
| 653 | _aIndian education | ||
| 653 | _aDevelopment of Indian education | ||
| 653 | _aProblems of Indian education | ||
| 700 |
_aSinha, G N, _eAuthor. |
||
| 942 | _cBK | ||
| 999 |
_c8616 _d8616 |
||